| 000 | 00993cam a2200277 i 4500 | ||
|---|---|---|---|
| 001 | 3624057 | ||
| 005 | 20170822175125.0 | ||
| 008 | 750414s1975 nyua bs 001 0 eng | ||
| 010 | _a 74022880 | ||
| 020 |
_a0195018702 : _c$6.95 |
||
| 040 |
_aDLC _cDLC _dBSU |
||
| 043 | _ad------ | ||
| 050 | 0 | 0 |
_aHD1417 _b.J64 |
| 082 | 0 | 0 |
_a338.1JOH _219 |
| 100 | 1 |
_aJohnston, Bruce F., _d1919- _920003 |
|
| 245 | 1 | 0 |
_aAgriculture and structural transformation : _beconomic strategies in late-developing countries / _cBruce F. Johnston and Peter Kilby. |
| 260 |
_aNew York : _bOxford University Press, _c1975. |
||
| 300 |
_axxi, 474 p. : _bill. ; _c21 cm. |
||
| 490 | 0 | _aEconomic development series | |
| 504 | _aIncludes bibliographical references and indexes. | ||
| 650 | 0 |
_aAgriculture _xEconomic aspects _zDeveloping countries. _91584 |
|
| 658 | _aAgricutural economics | ||
| 700 | 1 |
_aKilby, Peter, _ejoint author. _920153 |
|
| 906 |
_a7 _bcbc _corignew _d2 _eocip _f19 _gy-gencatlg |
||
| 942 |
_2ddc _cBK |
||
| 999 |
_c10000 _d10000 |
||